000 00623nam a2200205Ia 4500
003 GCL
008 140319s9999 xx 000 0 ara d
020 _a2071609977
040 _aGCL /
_cGCL
082 0 4 _aق
_b932
_bز س
100 1 _aزاهى حواس
245 1 0 _aسيدة العالم القديم /
_cزاهى حواس
260 _aالقاهرة :
_bدار الشروق ،
_c2001
300 _a332 ص ؛
_c32 سم
650 0 4 _aالحضارة الفرعونية
650 0 4 _aالاثار الفرعونية
650 0 4 _aالاهرام
650 0 4 _aمصر القديمة - تاريخ
942 _2ddc
_cBK
999 _c56935
_d56935